| 000 | 00481cam a2200205 4500 | ||
|---|---|---|---|
| 001 | D11956 | ||
| 008 | 090401t1974 xxu||||| |||| 00| 0 eng d | ||
| 035 | _a(Sirsi) u389 | ||
| 041 | _aeng | ||
| 050 | _a346.4104344 | ||
| 100 | _aAldridge, Trevor M. | ||
| 245 | _aRent control and leasehold enfranchisement. | ||
| 250 | _a5th | ||
| 260 |
_aLondon _bOyez _c1974 |
||
| 300 | _axxix,204p. ; 21cm. | ||
| 350 | _a3.5 | ||
| 520 | _aShelf 113 | ||
| 942 | _n0 | ||
| 948 | _c04/03/1997 | ||
| 999 |
_c85547 _d85547 |
||